| 000 | 00661nam a2200205 i 4500 | ||
|---|---|---|---|
| 001 | 50062 | ||
| 003 | ES-MaACL | ||
| 005 | 20250804062530.0 | ||
| 007 | t| | ||
| 008 | 030729s1969 sp ||||1| spa d | ||
| 245 | 0 | 0 |
_aCristianos y marxistas _b: los problemas de un diálogo / _cselección de Jesús Aguirre ... [et al.]. |
| 260 |
_aMadrid : _bAlianza, _c[1969] |
||
| 300 |
_a215 p. ; _c18 cm. |
||
| 490 | 1 |
_aEl libro de bolsillo ; _v153 |
|
| 700 | 1 |
_aAguirre, Jesús, _cDuque de Alba. _9125561 |
|
| 830 | 0 | 3 |
_aEl libro de bolsillo _v153 _9177802 |
| 852 |
_aES-MaACL _jC-35378 _bR.68650 |
||
| 852 |
_aES-MaACL _jC-36516 _bR.70949 |
||
| 999 |
_c50062 _d50062 |
||